000 00558nmm a2200169Ia 4500
008 251105s9999||||xx |||||||||||||||||und||
020 _a9788415538394
041 _aspa
100 _aJustel Vicente, Daniel (ed.)
245 0 _aNiños en la Antigüedad. Estudios sobre la infancia en el Mediterráneo antiguo
264 _a[Madrid, España] :
_bPrensas Universitarias de Zaragoza,
_c2012
300 _a87 páginas
490 _aCiencias sociales
650 _aHistory (General)
856 _uhttps://public.digitaliapublishing.com/a/42789
942 _cCF
999 _c76823
_d76823